Intermediate algebra: (Record no. 12549)

000 -LEADER
fixed length control field 00401nam a22001337a 4500
008 - FIXED-LENGTH DATA ELEMENTS--GENERAL INFORMATION
fixed length control field 160805b xxu||||| |||| 00| 0 eng d
020 ## - INTERNATIONAL STANDARD BOOK NUMBER
International Standard Book Number 0536155925
050 ## - LIBRARY OF CONGRESS CALL NUMBER
Classification number QA 152.2 .M37 2005
100 ## - MAIN ENTRY--PERSONAL NAME
Personal name Martin-Gay,K.
Dates associated with a name 2005
245 ## - TITLE STATEMENT
Title Intermediate algebra:
Remainder of title a graphing approach.
260 ## - PUBLICATION, DISTRIBUTION, ETC. (IMPRINT)
Place of publication, distribution, etc. Boston:
Name of publisher, distributor, etc. Pearson,
Date of publication, distribution, etc. 2005.
300 ## - PHYSICAL DESCRIPTION
Extent xxvi,859p.
942 ## - ADDED ENTRY ELEMENTS (KOHA)
Source of classification or shelving scheme
Koha item type Hard Covered Materials
Classification part QA 152.2 .M37 2005
Holdings
Withdrawn status Lost status Source of classification or shelving scheme Damaged status Not for loan Home library Current library Date acquired Total Checkouts Full call number Barcode Date last seen Price effective from Koha item type Shelving location Source of acquisition
          MACHAKOS UNIVERSITY LIBRARY MACHAKOS UNIVERSITY LIBRARY 05/08/2016   QA 152.2 .M37 2005 12916 05/08/2016 05/08/2016 Hard Covered Materials    
          MACHAKOS UNIVERSITY LIBRARY MACHAKOS UNIVERSITY LIBRARY 09/02/2017   QA 152.2 .M37 2005 35416 09/02/2017 09/02/2017 Hard Covered Materials Open shelf Donation(BFA)
© Machakos University Library, Along The Highway, Machakos Wote Rd, Machakos, Kenya P.O. Box 136 - 90100 Machakos - Kenya

Tel: ( +254 ) 723 805829 OR Fax : 044-20353 OR Email: library@mksu.ac.ke